Hidangan istimewa sultan

Bibliographic Details
Main Author: Mansor Bin Man
Format: Book
Published: Selangor : Pustaka dasar jaya publications , 2014
Series:Siri bacaan dongeng warisan
Subjects:

MARC

LEADER 00000cam a2200000 7i4500
001 0000043916
005 20141209.0
008 141209
020 |a 9670461472 
090 0 0 |a JF CT   |b MAL 
100 1 |a Mansor Bin Man 
245 1 1 |a Hidangan istimewa sultan   |c Mansor Bin Man 
260 |a Selangor :   |b Pustaka dasar jaya publications ,   |c 2014 
490 1 |a Siri bacaan dongeng warisan 
650 0 |a Children's   |x juvenile litrature. 
650 0 |a Malaya. 
999 |a 0001307883   |b Book   |c Children Collection   |e Cawangan Mersing 
999 |a 0001307889   |b Book   |c Children Collection   |e Cawangan Taman Universiti 
999 |a 0001309606   |b Book   |c Children Collection   |e Cawangan Urban Transformation Centre 
999 |a 0001309608   |b Book   |c Children Collection   |e Cawangan AEON Kulaijaya